Η οικονομική φρίκη
Αποθηκεύτηκε σε:
| Κύριος συγγραφέας: | |
|---|---|
| Άλλοι συγγραφείς: | |
| Μορφή: | Βιβλίο |
| Γλώσσα: | Greek French |
| Δημοσίευση: |
Αθήνα :
Νέα Σύνορα,
1997.
|
| Σειρά: | Κοινωνία και εξουσία
|
| Θέματα: | |
| Ετικέτες: |
Προσθήκη ετικέτας
Δεν υπάρχουν, Καταχωρήστε ετικέτα πρώτοι!
|
MARC
| LEADER | 00000cam a2200000 i 4500 | ||
|---|---|---|---|
| 001 | 1/19706 | ||
| 008 | 010614s1997 gr | ||| |||| ||gre|| | ||
| 020 | |a 960236775X | ||
| 035 | |l 10066950 | ||
| 040 | |a GR-MyUA |b gre |e AACR2 | ||
| 041 | 1 | |a gre |h fre | |
| 082 | 7 | |a 331.137944 |2 (22) | |
| 100 | 1 | |a Forrester, Viviane. | |
| 245 | 1 | 2 | |a Η οικονομική φρίκη / |c Βιβιάν Φορεστέρ ; μετάφραση απο τα γαλλικά: Αγγέλα Βερυκοκάκη. |
| 260 | |a Αθήνα : |b Νέα Σύνορα, |c 1997. | ||
| 300 | |a 254 σ. ; |c 21 εκ. | ||
| 490 | 1 | |a (Κοινωνία και εξουσία) | |
| 500 | |a Τίτλος πρωτοτύπου: L' horreur economique. | ||
| 504 | |a Περιέχει βιβλιογραφία | ||
| 650 | 0 | 0 | |a Unemployment |z France. |
| 650 | 0 | 0 | |a Marginality, Social |z France. |
| 650 | 0 | 0 | |a Unemployed. |
| 700 | 1 | |a Βερυκοκάκη-Αρτέμη, Αγγέλα, |e trlf | |
| 830 | 0 | |a Κοινωνία και εξουσία | |
| 852 | |a INST |b RHODES |e 20021112 |h 331.137944 FOR |p 005400015960 |q 005400015960 |t BK |y 0 | ||
| 852 | |a INST |b SAMOS |e 20010614 |h 331.137944 FOR |p 005300022007 |q 005300022007 |t BK |y 0 | ||
| 901 | |a BIBL3-2001-2 | ||
| 901 | |a BIBL4-2002-3 | ||
| 909 | |a Σ |b 081946 | ||
| 909 | |a Ρ |b 101554 | ||
| 922 | |a 4ΕΛΗ |b 200210 |c ΒΙΒΛΙΟΘΗΚΗ |d ΔΕΝΤΡΟ | ||
| 970 | |a ΠΟΥΡΝΑΡΑΣ |b ΔΗΜΗΤΡΗΣ |z 2001/06/14 | ||